000 00424nam a2200169 a 4500
001 0000-8970
003 ELIB.Books
008 110520 1974
035 _a(ELIB.Books)0000-9119
082 _aB
_bBoo
100 _aBoom, Corrie ten
245 _aTramp for the Lord
260 _bNew Jersey: Fleming H. Revell Company
_c1974
650 _aBiography
942 _2ddc
_cBK
998 _cbat
_e2011-05-20
999 _c8970
_d8970